| 000 | 00344nam a2200109Ia 4500 | ||
|---|---|---|---|
| 008 | 180315s9999 xx 000 0 und d | ||
| 020 | _a9781138677623 | ||
| 100 | _aSteele, William | ||
| 245 |
_aOptimizing learning outcomes : _bproven brain-centric, trauma-sensitive practices |
||
| 260 |
_aNew York : _b2017 _cRoutledge |
||
| 300 | _axiv, 235 pages | ||
| 999 |
_c356331 _d356331 |
||